000 00563cam a22002053a 4500
001 42349
003 PGUSA
005 20140828083947.0
008 130317s2013||||xxu|||||s|||||000 | eng d
040 _aPGUSA
_beng
042 _adc
100 1 _aScott, Walter,
_d1771-1832
245 1 0 _aKenilworth I-II
_h[electronic resource] /
_cWalter Scott
260 _bProject Gutenberg,
_c2013
506 _aPublic domain in the USA.
516 _aElectronic text
830 0 _aProject Gutenberg
_v42349
856 4 0 _uhttp://www.gutenberg.org/ebooks/42349
942 _cEB
999 _c271601
_d271601